Rubber plantation as a potential sink for atmospheric carbon dioxide: An ecosystem flux approach (Record no. 52296)

MARC details
000 -LEADER
fixed length control field 00516nam a2200121Ia 4500
100 ## - MAIN ENTRY--AUTHOR NAME
Personal name Annamalainathan K.
245 #0 - TITLE STATEMENT
Title Rubber plantation as a potential sink for atmospheric carbon dioxide: An ecosystem flux approach
260 ## - PUBLICATION, DISTRIBUTION, ETC. (IMPRINT)
Name of publisher International Workshop on Climate Change and Rubber Cultivation: R & D Priorities, 28-30 July 2010, Rubber Research Institute of India, Kottayam, Kerala, pp. 76-77
Year of publication 2010
700 ## - ADDED ENTRY--PERSONAL NAME
Personal name Jacob J.
700 ## - ADDED ENTRY--PERSONAL NAME
Personal name Satheesh P.R.
942 ## - ADDED ENTRY ELEMENTS (KOHA)
Koha item type Bibliography STAF
Holdings
Withdrawn status Lost status Damaged status Not for loan Home library Current library Date acquired Koha item type
      Bibliography RRII Library RRII Library 19/08/2010 Bibliography STAF